| 000 | 01791 a2200229 4500 | ||
|---|---|---|---|
| 001 | 14580 | ||
| 005 | 20260407155447.0 | ||
| 008 | 260407a1994 arg spa d | ||
| 003 | AR-UNSa-BCEJYS | ||
| 040 |
_aAR-UNSa-BCEJYS _bspa _cAR-UNSa-BCEJYS |
||
| 080 |
_a517 _xAnálisis Matemático |
||
| 245 | 1 | 0 | _aMathematics for economists |
| 020 | _a978-0-393-95733-4 | ||
| 264 | 1 |
_aNew York : _bW.W. Norton & Company _c1994 |
|
| 300 |
_axxiv, 930 p. _c24 cm. |
||
| 505 | _a1. Introduction - 2. One-variable calculus: foundations - 3. One-variable calculus: applications - 4. One-variable calculus: Chain Rule - 5. Exponents and logarithms - 6. Introduction to linear algegra - 7. Systems of linear equations - 8. Matrix algebra - 9. Determinants: an overview - 10. Euclidean spaces - 11. Linear independence - 12. Limits and open sets - 13. Functions of several variables - 14. Calculus of several variables - 15. Implicit functions and their derivatives - 16. Quadratic forms and definite matrices - 17. Unconstrained optimization - 18. Constraines optimization I: firts order conditions - 19. Constrained optimization II - 20. Homogeneous and homothetic functions - 21. Concave and Quasiconcave functions - 22. Economic applications - 23. Eigenvalues and Eigenvectors - 24. Ordinary differential equations: scalar equations - 25. Ordinary differential equations: systems of equations - 26. Determinants: The details - 27. Subspaces attached to a matrix - 28. Applications of linear independence - 29. Limits and compact sets - 30. Calculus of several variables II | ||
| 942 | _cBK | ||
| 590 | _aniveau_biblio:m niveau_hierar:0 | ||
| 100 | 1 | _aSimon, Carl P. | |
| 700 | 1 | _aBlume, Lawrence | |
| 856 | 4 | 1 |
_uhttps://www.biblioeco.unsa.edu.ar/pmb/images/libros/14580.jpg _yImagen de portada _qimage/jpeg |
| 999 |
_c583 _d583 |
||